Guía del mecanografista (Record no. 104132)

MARC details
000 -LEADER
campo de control de longitud fija 00620nam a2200181 i 4500
001 - NÚMERO DE CONTROL
campo de control 104132
003 - IDENTIFICADOR DE NÚMERO DE CONTROL
campo de control ES-MaACL
005 - FECHA Y HORA DE LA ÚLTIMA TRANSACCIÓN
campo de control 20251005063103.0
007 - CAMPO FIJO DE DESCRIPCIÓN FÍSICA--INFORMACIÓN GENERAL
campo de control de longitud fija t|
008 - DATOS DE LONGITUD FIJA--INFORMACIÓN GENERAL
campo de control de longitud fija 051123s1914 sp ||||1| spa d
100 1# - ENTRADA PRINCIPAL--NOMBRE DE PERSONA
Nombre de persona Mhartín y Guix, Enrique,
Fechas asociadas al nombre 1859-1932
9 (RLIN) 80841
245 10 - MENCIÓN DEL TÍTULO
Título Guía del mecanografista
Resto del título : lecciones teórico prácticas de escrituras mecánicas /
Mención de responsabilidad, etc. por Enrique Mhartín y Guix.
260 ## - PUBLICACIÓN, DISTRIBUCIÓN, ETC.
Lugar de publicación, distribución, etc. Madrid :
Nombre del editor, distribuidor, etc. Tejada y Martin,
Fecha de publicación, distribución, etc. 1914 (
Fabricante Imp. Comercial)
300 ## - DESCRIPCIÓN FÍSICA
Extensión 156 p., 1 lám. :
Otras características físicas il. ;
Dimensiones 18 cm.
650 #4 - PUNTO DE ACCESO ADICIONAL DE MATERIA--TÉRMINO DE MATERIA
Término de materia o nombre geográfico como elemento de entrada Mecanografía.
9 (RLIN) 152009
852 ## - LOCALIZACIÓN
Ubicación ES-MaACL
Número de control de estantería B-3685
Holdings
Estatus retirado Estado de pérdida Estado de daño No para préstamo Biblioteca de origen Biblioteca actual Ubicación en estantería Fecha de adquisición Fuente de adquisición Total de préstamos Signatura topográfica completa Código de barras Visto por última vez Precio de reemplazo Tipo de ítem Koha
        Biblioteca del Ateneo de Madrid Biblioteca del Ateneo de Madrid Sala Pardo Bazán 17/01/2008     B-3685 1108722 23/02/2023 23/02/2023 Libro impreso